| 000 | 00620nam a2200169 a 4500 | ||
|---|---|---|---|
| 005 | 20140414093841.0 | ||
| 008 | 071008s19uu xx 00 eng d | ||
| 050 |
_aDVD 070 _bGMA 2005 |
||
| 100 | _aGMA | ||
| 245 |
_aThe Best of I witness : _bvolume 2 / _cGMA. |
||
| 260 |
_aQuezon City : _bFelta Multi-media, _cc2005. |
||
| 300 | _a1 videodisk | ||
| 520 | _aContents : 1. U-Belt / Jay Taruc.-- 2. Buto't balat / Kara David.-- 3. Karangya: inareglong kasal / Sandra Aguinaldo.-- 4. Little bad boy / Howie Severino.-- 5. Ang tipo kong babae / Raffy Tima. | ||
| 650 | _aDocumentary. | ||
| 942 | _cAVM | ||
| 999 |
_c109279 _d109279 |
||